000
00222nam a22000857a 4500
008
160708b xxu||||| |||| 00| 0 eng d
100
_9
2412
_a
Burnie, D
245
_a
Machines And How They Work
260
_a
London
_b
Dorling
_c
1990
999
_c
2087
_d
2087